| 000 | 00778nam a2200301Ia 4500 | ||
|---|---|---|---|
| 001 | 67082 | ||
| 003 | IT-RoPAU | ||
| 008 | 130308s9999 xx 000 0 und d | ||
| 040 | _aIT-RoPAU | ||
| 040 | _cIT-RoPAU | ||
| 041 | _aFRANCESE | ||
| 100 | _aCroizé Michel | ||
| 100 | _gCodice Aut. SPICS: 23484 | ||
| 245 | _aEtudiant et le cinema (L') | ||
| 245 | _bCinema Nei Problemi della Cultura (Il) | ||
| 250 | _a1a ed. | ||
| 260 | _aROMA | ||
| 260 | _bBianco E Nero | ||
| 260 | _c1951 [1° Ed.:1951 - Ed.Ling.Originale:1950] | ||
| 300 | _a"7 p. (prefazione: no ; testo: 7 [pagine: 63-69])" | ||
| 500 | _aStudente e Cinema | ||
| 650 | _aSAGGI SUL CINEMA | ||
| 650 | _eCodice materia Spics: 6811 | ||
| 942 | _cBK | ||
| 957 | _71 | ||
| 999 |
_c55287 _d55287 |
||
| 999 | _bSI | ||
| 999 | _g1 | ||